| 000 | 00661nam a2200205 a 4500 | ||
|---|---|---|---|
| 999 |
_c1284 _d1284 |
||
| 001 | 11805 | ||
| 003 | BD-DhUAP | ||
| 005 | 20200204163923.0 | ||
| 008 | 200204s1994 bg 000 0 eng d | ||
| 040 |
_aDLC _cBD-DhUAP _bEng _dBD-DhUAP |
||
| 082 | 0 | 0 |
_a342.549202 KAM _223 |
| 100 | _aKamal, Mustafa. | ||
| 245 | 1 | 0 |
_aBangladesh Constitution : _btrends and issues / _cMustafa Kamal. |
| 260 |
_aDhaka, Bangladesh : _bUniversity of Dhaka, _cc1994. |
||
| 300 |
_axvi, 177 pages ; _c22 cm. |
||
| 505 | _a"Kamini Kumar Dutta memorial law lectures, 1994." | ||
| 650 |
_aConstitutional law _zBangladesh. |
||
| 942 |
_2ddc _cBK |
||